| 000 | 01318nam a2200373Ia 4500 | ||
|---|---|---|---|
| 001 | dia_1975 | ||
| 003 | CHAP | ||
| 005 | 20240926101420.0 | ||
| 007 | ta | ||
| 008 | 220117s2010 mx abo f 001 0 spa d | ||
| 040 |
_cCHAP _amxchpua |
||
| 090 |
_aT.C.535 _bS26 SAI _c2010 |
||
| 245 | 1 | 0 |
_aQuesos crema de Chiapas en la región frailesca / _ccoordinador Armando Santos Moreno ; colaboradores José Eleazar Aguilar Toalá...[y otros] |
| 260 |
_aMéxico : _bEl autor, _c2010 |
||
| 300 |
_a158 hojas : _bilustraciones, tablas, mapas, fotos |
||
| 336 |
_2rdacontent _atexto _btxt |
||
| 337 |
_2rdamedia _ano mediado _bn |
||
| 338 |
_2rdacarrier _avolumen _bnc |
||
| 500 | _aGrado: 6°año | ||
| 502 |
_aViaje de Estudios _b(SAI) -- _cUACh. Departamento de Ingeniería Agroindustrial, _d2010 |
||
| 504 | _aBibliografía: hoja 30 | ||
| 650 | 1 | 0 |
_aIndustria quesera _zMéxico _zChiapas _9151687 |
| 650 | 1 | 3 | _aQuesos |
| 650 | 1 | 3 |
_Cheese _9147907 |
| 650 | 1 | 0 |
_aCheese industry _zMexico _zChiapas _9151683 |
| 700 | 1 |
_aSantos Moreno, Armando _9147701 _ecoordinador |
|
| 700 | 1 |
_aAguilar Toalá, José Eleazar _92864 _ecolaborador |
|
| 901 | _aT.C.535 S26 SAI 2010 | ||
| 902 | _aA | ||
| 905 | _a5232272010 mx abmn8223223322spa16 | ||
| 942 | _2local | ||
| 942 | _cVE | ||
| 999 |
_c176781 _d176781 |
||